S Maďarmi história žartuje obzvlášť pochmúrne otvorený list urazenému maďarskému prezidentovi

Bibliographic Details
Main Author: Chelemendik, Sergej, 1957-2016 (Author)
Format: Article
Language:Slovak
ISSN:1335-3470
Subjects:
Online Access:http://www.kultura-fb.sk/new/old/archive/pdf/kult1509.pdf

MARC

LEADER 00000nab a2200000 a 4500
001 vtls010036112
003 SK-MaSNL
005 20260304155106.0
008 250507c2009 xo mr|p||||||||00 ||slo
015 |a SNBRB2010/01  |2 snkbucl 
035 |a (uuid)e1f21b6f-99bc-4acb-b896-ff271bb3229a 
035 |a urn:nbn:sk:snk-ab963j 
035 |a (urnnbn)urn:nbn:sk:snk:ar-0070tw 
038 |a SNKBUCL 
040 |a SNKBUCL  |b slo  |c SNKBUCL  |e AACR2 
041 0 |a slo 
044 |a xo  |c SK 
080 |a 94(439)  |2 2001 
100 1 |a Chelemendik, Sergej,  |d 1957-2016  |4 aut  |9 50546 
245 1 0 |a S Maďarmi história žartuje obzvlášť pochmúrne  |b otvorený list urazenému maďarskému prezidentovi  |c Sergej Chelemendik 
650 0 7 |a Maďari  |x dejiny  |2 snkbucl  |9 23003 
651 7 |a Maďarsko  |x dejiny  |2 snkbucl  |9 18630 
655 7 |a otvorené listy  |2 snkbucl  |9 900005 
773 0 |t Kultúra  |g Roč. XII, č. 15 (2009), s. 4  |x 1335-3470 
850 |a Slovenská národná knižnica 
852 |a Slovenská národná knižnica 
856 4 1 |u http://www.kultura-fb.sk/new/old/archive/pdf/kult1509.pdf 
954 |a odborná, vedecká literatúra pôvodná (slovenská)  |2 lita 
958 |a article13 
958 |a OND 
958 |a HU 
958 |a EUIPO 
999 |c 2960713  |d 2962643